书目信息 |
| 题名: |
AI电商设计基础与实战
|
|
| 作者: | 曹宁宁 , 余智鹏 编著 | |
| 分册: | ||
| 出版信息: | 北京 人民邮电出版社 2025.01 |
|
| 页数: | 156页 | |
| 开本: | 26cm | |
| 丛书名: | ||
| 单 册: | ||
| 中图分类: | F713.36-39 | |
| 科图分类: | ||
| 主题词: | 人工智能--电子商务--视觉设计 | |
| 电子资源: | ||
| ISBN: | 978-7-115-64953-9 | |
| 000 | 01032nam0 2200253 450 | |
| 001 | 012930936 | |
| 005 | 20251022181610.92 | |
| 010 | @a978-7-115-64953-9@dCNY69.80 | |
| 100 | @a20241224d2025 em y0chiy0120 ea | |
| 101 | 0 | @achi |
| 102 | @aCN@b110000 | |
| 105 | @aa z 000yy | |
| 106 | @ar | |
| 200 | 1 | @aAI电商设计基础与实战@9AI dian shang she ji ji chu yu shi zhan@eChatGPT+Midjourney+Stable Diffusion+Runway@f曹宁宁,余智鹏编著 |
| 210 | @a北京@c人民邮电出版社@d2025.01 | |
| 215 | @a156页@c彩图@d26cm | |
| 300 | @a数艺设 | |
| 330 | @a本书详细介绍了ChatGPT的基础使用方法和灵活运用技巧,以及Midjourney的操作流程,包括提示词的编写规范、结构组成及权重调控等关键知识点。通过本书的学习,读者将能够深入掌握如何运用Midjourney进行图像创作,从而为电子商务等行业的设计与市场营销工作提供素材支持。 | |
| 606 | 0 | @a人工智能@x电子商务@x视觉设计 |
| 690 | @aF713.36-39@v5 | |
| 701 | 0 | @a曹宁宁@9cao ning ning@4编著 |
| 701 | 0 | @a余智鹏@9yu zhi peng@4编著 |
| 801 | 0 | @aCN@c20250909 |
| 905 | @a河南城建学院图书馆@dF713.36@eC134@ZC134@f1 | |
| AI电商设计基础与实战:ChatGPT+Midjourney+Stable Diffusion+Runway/曹宁宁,余智鹏编著.-北京:人民邮电出版社,2025.01 |
| 156页:彩图;26cm |
| 数艺设 |
| ISBN 978-7-115-64953-9:CNY69.80 |
| 本书详细介绍了ChatGPT的基础使用方法和灵活运用技巧,以及Midjourney的操作流程,包括提示词的编写规范、结构组成及权重调控等关键知识点。通过本书的学习,读者将能够深入掌握如何运用Midjourney进行图像创作,从而为电子商务等行业的设计与市场营销工作提供素材支持。 |
| ● |
| 相关链接 |
|
|
|
正题名:AI电商设计基础与实战
索取号:F713.36/C134
 
预约/预借
| 序号 | 登录号 | 条形码 | 馆藏地/架位号 | 状态 | 备注 |
| 1 | 1633376 | 216333769 | 社科库409/409社科库 41排5列2层/ [索取号:F713.36/C134] | 在馆 |